[Event "ESP-ch 84th"]
[Site "Marbella"]
[Date "2019.11.16"]
[Round "1"]
[White "Martin Carmona, Gaston Manuel"]
[Black "Lozano Aguilar, Juan Francisco"]
[Result "1-0"]
[WhiteElo "2304"]
[BlackElo "1768"]
[PlyCount "57"]
[EventDate "2019.11.16"]
[EventType "swiss"]
[EventRounds "9"]
[EventCountry "ESP"]
[SourceTitle "CBM 193 Extra"]
[Source "ChessBase"]
[SourceDate "2020.01.31"]
[SourceVersion "1"]
[SourceVersionDate "2020.01.31"]
[SourceQuality "1"]

1. e4 d5 2. exd5 Qxd5 3. Nc3 Qa5 4. d4 c6 5. Nf3 Nf6 6. Bc4 Bg4 7. h3 Bh5 8. Bd2 Qc7 9. Qe2 e6 10. g4 Bg6 11. Ne5 Be7 12. h4 Qb6 13. 0-0-0 Qxd4 14. h5 Be4 15. Bf4 Bd3 16. Qf3 Nd5 17. Nxd5 cxd5 18. Rxd3 Qb6 19. Be3 Qb4 20. Qxf7+ Kd8 21. Qxe6 Rf8 22. Rxd5+ Kc7 23. Rhd1 Rd8 24. Rd7+ Rxd7 25. Rxd7+ Nxd7 26. Qxd7+ Kb8 27. Nc6+ bxc6 28. Bf4+ Bd6 29. Bxd6+ 1-0